| 000 | 00407nam a2200169Ia 4500 | ||
|---|---|---|---|
| 005 | 20240529010333.0 | ||
| 008 | 240331s9999 xx 000 0 und d | ||
| 020 | _a9559521705 | ||
| 082 |
_bRAJ _a340.09 |
||
| 100 | _aRajepakse, Ruana | ||
| 245 | 3 |
_aAn introduction to Law in Sri Lanka _cRuana Rajepakse |
|
| 260 | _aColombo | ||
| 300 | _ai, 100 p ., | ||
| 650 | _a Law | ||
| 650 | _aSociety | ||
| 942 | _cL | ||
| 999 |
_c2823 _d2823 |
||